Introducción al griego del Nuevo Testamento (Registro nro. 42583)
[ vista simple ]
| 000 -LÍDER | |
|---|---|
| Campo fijo de descripción fija | 00905cam a2200313 i 4500 |
| 001 - NÚMERO DE CONTROL | |
| Campo de control | 768714001 |
| 003 - IDENTIFICADOR DEL NÚMERO DE CONTROL | |
| Campo de control | CO-MdFUSB |
| 005 - FECHA Y HORA DE LA ULTIMA TRANSACCIÓN | |
| control field | 20210911120211.0 |
| 008 - ELEMENTOS DE LONGITUD FIJA -- INFORMACIÓN GENERAL | |
| Campo fijo de descripción fija -- Información general | 011207t2001 us am b 001 0 spa d |
| 020 ## - NÚMERO INTERNACIONAL NORMALIZADO PARA LIBROS | |
| Número Internacional Normalizado del libro | 1558831258 |
| Información adicional | (v. 1) |
| 040 ## - FUENTE DE CATALOGACIÓN | |
| Agencia de catalogación original | CBS |
| Agencia que realiza la modificación | OCLCQ |
| Idioma de catalogación | spa |
| Agencia que realiza la transcripción | CO-MdFUSB |
| Convenciones de la descripción | rda |
| 041 ## - CÓDIGO DE IDIOMA | |
| Código de idioma para texto/pista de sonido o título separado | spa |
| 049 ## - LOCAL HOLDINGS (OCLC) | |
| Holding library | PTSS |
| 082 ## - NÚMERO DE CLASIFICACIÓN DECIMAL DEWEY | |
| Número de la edición del Dewey | 21 |
| Número de clasificación | 487.45 |
| Clave de autor-Numero de item | C335 |
| 100 1# - ASIENTO PRINCIPAL--NOMBRE PERSONAL | |
| Nombre personal | Casanova Roberts, Humberto. |
| Término relacionador | autor. |
| 245 10 - TÍTULO | |
| Título del Material | Introducción al griego del Nuevo Testamento |
| Mención de responsabilidad, etc. | / Humberto Casanova Roberts. |
| 264 #1 - PRODUCCIÓN, PUBLICACIÓN, DISTRIBUCIÓN, MANUFACTURA, Y COPYRIGHT | |
| Lugar de producción, publicación, distribución, manufactura | Michigan, United States : |
| Nombre del productor, publicador, distribuidor | Libros Desafío, |
| Fecha de producción, publicación, distribución, manufactura, o copyright | [2001] |
| 264 #4 - PRODUCCIÓN, PUBLICACIÓN, DISTRIBUCIÓN, MANUFACTURA, Y COPYRIGHT | |
| Fecha de producción, publicación, distribución, manufactura, o copyright | © 2001 |
| 300 ## - DESCRIPCIÓN FÍSICA | |
| Extensión | volumen 1 ; |
| Dimensiones | 29 cm. |
| 336 ## - TIPO DE CONTENIDO | |
| Fuente | rdacontent |
| Término de tipo de contenido | texto |
| Código de tipo de contenido | txt |
| 337 ## - TIPO DE MEDIO | |
| Fuente | rdamedia |
| Nombre del tipo de medio | sin mediación |
| Código del tipo de medio | n |
| 338 ## - TIPO DE SOPORTE | |
| Fuente | rdacarrier |
| Nombre del tipo de soporte | volumen |
| Código Tipo de soporte | nc |
| 653 ## - TÉRMINO DE INDIZACIÓN - NO CONTROLADO | |
| Término no controlado | Introducción |
| 653 ## - TÉRMINO DE INDIZACIÓN - NO CONTROLADO | |
| Término no controlado | Griego |
| 942 ## - TIPO DE MATERIAL (KOHA) | |
| Tipo de Item KOHA | Libros de Referencia |
| 945 ## - INFORMACIÓN LOCAL DEL REGISTRO | |
| Catalogador | estudiante |
| Estado de Material | Estado de Perdido | Estado de Dañado | No para Préstamo | Colección | Tomo | Biblioteca de Origen | Biblioteca Permanente | Fecha de Adquisición | Total de Préstamos | Signatura Topográfica | Código de Barras | Última vez visto | Ejemplar/Existencia | Fecha de Remplazo | Tipo de Material |
|---|---|---|---|---|---|---|---|---|---|---|---|---|---|---|---|
| Colección de Referencia | Biblioteca FUSBC | Biblioteca FUSBC | 10/03/2006 | R 487.45 C335i | 15662 | 08/09/2022 | 1 | 26/01/2016 | Libros de Referencia |
